| 000 | 00971nam a2200229 a 4500 | ||
|---|---|---|---|
| 005 | 20240925063806.0 | ||
| 008 | 050216s2004 mx r 000 0 spa d | ||
| 035 | _aUPN01000137466 | ||
| 049 | _aCG | ||
| 050 | 4 |
_aQA9 _bA4.2 |
|
| 100 | 1 |
_aAlatorre Frenk, Silvia _928689 |
|
| 245 | 1 | 1 |
_a¿A,B, o da igual? : _bestudio sobre el razonamiento proporcional / _cSilvia Alatorre Frenk. |
| 260 |
_aMéxico : _bS. Alatorre Frenk, _c2004. |
||
| 300 |
_a340 p. : _bcuadros, grafs. + _eun cuadernillo de cuestionarios y un CD-ROM |
||
| 500 | _aSolicita el CD-ROM en el Mostrador de Préstamo | ||
| 502 | _aTesis (Doctor en Ciencias en la Especialidad de Matemática Educativa) -- Instituto Politécnico Nacional. Centro de Investigación y de Estudios Avanzados, 2004 | ||
| 650 | 4 |
_aLógica simbólica y matemática _93581 |
|
| 650 | 4 |
_aMatemáticas _xEstudio y enseñanza _93601 |
|
| 650 | 2 |
_aInvestigación matemática _914363 |
|
| 650 | 4 |
_aRazonamiento _93600 |
|
| 905 | _aLibro | ||
| 999 |
_c109617 _d109617 |
||